[Event "Bamberg-Open 2019"]
[Site "Bamberg"]
[Date "2019.06.01"]
[Round "6.20"]
[White "Grimm, Pascal"]
[Black "Mittag, Ralf"]
[Result "1-0"]
[WhiteElo "1880"]
[BlackElo "2203"]
[Annotator "ChessBase"]
[PlyCount "155"]
[EventDate "2019.05.12"]
[EventType "swiss"]
[EventCountry "GER"]
[SourceTitle "playchess.com"]
[Source "ChessBase"]
[SourceQuality "1"]
[TimeControl "40/5400+30:900+30"]

1. d4 {[%emt 0:00:00]} g6 {[%emt 0:00:00]} 2. Bf4 {[%emt 0:00:00]} Bg7 {[%emt 0:00:00]} 3. Nc3 {[%emt 0:01:47]} d6 {[%emt 0:02:15]} 4. e4 {[%emt 0:00:43]} Nc6 {[%emt 0:00:16]} 5. d5 {[%emt 0:05:31]} Ne5 {[%emt 0:02:26]} 6. Be2 {[%emt 0:04:00]} c6 {[%emt 0:01:33]} 7. Nf3 {[%emt 0:03:25]} Nxf3+ {[%emt 0:00:16]} 8. Bxf3 {[%emt 0:00:03]} Bd7 {[%emt 0:02:26]} 9. O-O {[%emt 0:03:27]} Nf6 {[%emt 0:01:57]} 10. Qd2 {[%emt 0:01:07]} O-O {[%emt 0:00:21]} 11. Rfe1 {[%emt 0:06:25]} cxd5 {[%emt 0:01:07]} 12. exd5 {[%emt 0:06:08]} Re8 {[%emt 0:01:24]} 13. h3 {[%emt 0:00:26]} Rc8 {[%emt 0:02:02]} 14. a4 {[%emt 0:02:44]} Qb6 {[%emt 0:01:45]} 15. Ra3 {[%emt 0:05:32]} a6 {[%emt 0:02:38]} 16. Be3 {[%emt 0:09:01]} Qc7 {[%emt 0:04:07]} 17. a5 {[%emt 0:00:15]} e6 {[%emt 0:02:05]} 18. Bb6 {[%emt 0:02:38]} Qb8 {[%emt 0:00:34]} 19. Rb3 {[%emt 0:20:17]} e5 {[%emt 0:07:50]} 20. Ra3 {[%emt 0:00:41]} Kh8 {[%emt 0:03:10]} 21. b4 {[%emt 0:00:36]} Ng8 {[%emt 0:03:15]} 22. Rb3 {[%emt 0:03:09]} f5 {[%emt 0:03:15]} 23. b5 {[%emt 0:02:30]} axb5 {[%emt 0:05:46]} 24. Nxb5 {[%emt 0:03:18]} Bh6 {[%emt 0:00:37]} 25. Qd1 {[%emt 0:02:05]} Bxb5 {[%emt 0:03:05]} 26. Rxb5 {[%emt 0:00:02]} Nf6 {[%emt 0:02:17]} 27. Qb1 {[%emt 0:06:58]} Rc3 {[%emt 0:09:37]} 28. Be3 {[%emt 0:02:45]} Bxe3 {[%emt 0:00:44]} 29. Rxe3 {[%emt 0:01:26]} Rxe3 {[%emt 0:00:07]} 30. fxe3 {[%emt 0:00:05]} Qa7 {[%emt 0:00:10]} 31. Qb3 {[%emt 0:01:56]} Re7 {[%emt 0:00:15]} 32. Kh2 {[%emt 0:00:29]} Kg7 {[%emt 0:03:28]} 33. c4 {[%emt 0:00:34]} Rc7 {[%emt 0:00:30]} 34. g3 {[%emt 0:01:03]} Nd7 {[%emt 0:00:12]} 35. Rb6 {[%emt 0:02:39]} Nc5 {[%emt 0:03:39]} 36. Qb2 {[%emt 0:01:26]} Qxa5 {[%emt 0:09:19]} 37. Rxd6 {[%emt 0:00:04]} Nd3 {[%emt 0:00:10]} 38. Qe2 {[%emt 0:03:13]} e4 {[%emt 0:01:40]} 39. Bg2 {[%emt 0:00:22]} Rxc4 {[%emt 0:00:39]} 40. Rd7+ {[%emt 0:00:26]} Kh6 {[%emt 0:00:47]} 41. g4 {[%emt 0:05:57]} Qb5 {[%emt 0:14:11]} 42. g5+ {[%emt 0:04:46]} Kxg5 {[%emt 0:00:17]} 43. Rxh7 {[%emt 0:00:45]} Qxd5 {[%emt 0:00:42]} 44. h4+ {[%emt 0:00:41]} Kf6 {[%emt 0:00:05]} 45. Qa2 {[%emt 0:01:33]} Qd6+ {[%emt 0:02:29]} 46. Kh3 {[%emt 0:00:06]} b5 {[%emt 0:00:24]} 47. Bf1 {[%emt 0:03:09]} Qb6 {[%emt 0:03:05]} 48. Kh2 {[%emt 0:01:56]} Qd6+ {[%emt 0:02:31]} 49. Kh3 {[%emt 0:00:40]} f4 {[%emt 0:03:25]} 50. Qa8 {[%emt 0:00:25]} Qe6+ {[%emt 0:00:32]} 51. Kh2 {[%emt 0:00:34]} Rc2+ {[%emt 0:00:17]} 52. Kh1 {[%emt 0:00:19]} Nf2+ {[%emt 0:03:22]} 53. Kh2 {[%emt 0:00:07]} Ng4+ {[%emt 0:02:52]} 54. Kg1 {[%emt 0:00:02]} Rc8 {[%emt 0:03:02]} 55. Qa7 {[%emt 0:01:15]} Rg8 {[%emt 0:03:35]} 56. Qd4+ {[%emt 0:00:48]} Ne5 {[%emt 0:00:25]} 57. exf4 {[%emt 0:00:24]} Re8 {[%emt 0:03:06]} 58. fxe5+ {[%emt 0:00:40]} Qxe5 {[%emt 0:00:05]} 59. Qf2+ {[%emt 0:00:26]} Qf5 {[%emt 0:00:48]} 60. Bxb5 {[%emt 0:00:28]} Re6 {[%emt 0:01:23]} 61. Bd7 {[%emt 0:00:40]} Qxf2+ {[%emt 0:00:17]} 62. Kxf2 {[%emt 0:00:00]} Rd6 {[%emt 0:00:15]} 63. Bg4 {[%emt 0:00:17]} Rd3 {[%emt 0:00:14]} 64. Ra7 {[%emt 0:01:01]} Rd8 {[%emt 0:01:23]} 65. Ra6+ {[%emt 0:00:03]} Kg7 {[%emt 0:00:10]} 66. Re6 {[%emt 0:00:22]} Rd2+ {[%emt 0:00:40]} 67. Be2 {[%emt 0:00:30]} Rd4 {[%emt 0:00:34]} 68. Ke3 {[%emt 0:00:03]} Ra4 {[%emt 0:00:10]} 69. Rxe4 {[%emt 0:00:08]} Ra3+ {[%emt 0:00:13]} 70. Kf4 {[%emt 0:00:08]} Rh3 {[%emt 0:00:09]} 71. Kg5 {[%emt 0:00:19]} Rg3+ {[%emt 0:00:24]} 72. Bg4 {[%emt 0:00:03]} Kf7 {[%emt 0:00:09]} 73. Ra4 {[%emt 0:00:21]} Rg1 {[%emt 0:00:25]} 74. Ra7+ {[%emt 0:00:28]} Kf8 {[%emt 0:00:16]} 75. Kf6 {[%emt 0:01:46]} Kg8 {[%emt 0:00:10]} 76. Rg7+ {[%emt 0:00:16]} Kh8 {[%emt 0:00:20]} 77. Rxg6 {[%emt 0:00:12]} Rb1 {[%emt 0:01:06]} 78. Rh6+ {[%emt 0:00:33]} 1-0

[Event "Bamberg-Open 2019"]
[Site "Bamberg"]
[Date "2019.06.01"]
[Round "6.21"]
[White "Korolev, Alexandr"]
[Black "Spitzl, Philipp"]
[Result "0-1"]
[WhiteElo "2143"]
[BlackElo "2013"]
[Annotator "RC"]
[PlyCount "174"]
[EventDate "2019.05.12"]
[EventType "swiss"]
[EventCountry "GER"]
[SourceTitle "playchess.com"]
[Source "ChessBase"]
[SourceQuality "1"]
[TimeControl "40/5400+30:900+30"]

1. e4 {[%emt 0:00:00]} e6 {[%emt 0:00:00]} 2. d4 {[%emt 0:00:00]} d5 {[%emt 0:00:00]} 3. Nd2 {[%emt 0:00:00]} Be7 {[%emt 0:00:01]} 4. Bd3 {[%emt 0:00:58]} c5 {[%emt 0:00:39]} 5. dxc5 {[%emt 0:00:50]} Nf6 {[%emt 0:01:47]} 6. Qe2 {[%emt 0:05:23]} a5 {[%emt 0:01:34]} 7. Ngf3 {[%emt 0:04:48]} O-O {[%emt 0:05:48]} 8. O-O {[%emt 0:01:59]} Na6 {[%emt 0:00:35]} 9. e5 {[%emt 0:08:23]} Nd7 {[%emt 0:10:30]} 10. Nd4 {[%emt 0:09:21]} Ndxc5 {[%emt 0:06:02]} 11. Bb5 {[%emt 0:00:21]} Nc7 {[%emt 0:03:11]} 12. a4 {[%emt 0:05:24]} Nxb5 {[%emt 0:01:52]} 13. axb5 {[%emt 0:00:39]} Bd7 {[%emt 0:03:34]} 14. Ra3 {[%emt 0:00:24]} f6 {[%emt 0:11:50]} 15. f4 {[%emt 0:00:18]} fxe5 {[%emt 0:03:57]} 16. fxe5 {[%emt 0:00:05]} Rxf1+ {[%emt 0:01:23]} 17. Qxf1 {[%emt 0:01:02]} Qb6 {[%emt 0:02:43]} 18. Rf3 {[%emt 0:11:32]} Rf8 {[%emt 0:08:39]} 19. Kh1 {[%emt 0:03:19]} Qc7 {[%emt 0:05:51]} 20. Rxf8+ {[%emt 0:01:24]} Bxf8 {[%emt 0:00:02]} 21. Qe2 {[%emt 0:02:55]} Qd8 {[%emt 0:04:28]} 22. N2f3 {[%emt 0:02:35]} Ne4 {[%emt 0:01:33]} 23. Be3 {[%emt 0:03:56]} Be7 {[%emt 0:02:15]} 24. c4 {[%emt 0:02:09]} Qc8 {[%emt 0:03:08]} 25. cxd5 {[%emt 0:02:57]} exd5 {[%emt 0:00:04]} 26. Qd3 {[%emt 0:02:33]} Qc4 {[%emt 0:09:01]} 27. Qxc4 {[%emt 0:04:41]} dxc4 {[%emt 0:00:02]} 28. e6 {[%emt 0:02:30]} Be8 {[%emt 0:02:04]} 29. Ne5 {[%emt 0:02:45]} c3 {[%emt 0:01:40]} 30. bxc3 {[%emt 0:00:06]} Nxc3 {[%emt 0:00:01]} 31. Nf5 {[%emt 0:01:55]} Bb4 {[%emt 0:01:27]} 32. b6 {[%emt 0:01:57]} Ne4 {[%emt 0:04:12]} 33. Nd3 {[%emt 0:01:28]} Ba3 {[%emt 0:02:34]} 34. Bd4 {[%emt 0:04:38]} g6 {[%emt 0:01:30]} 35. Ne3 {[%emt 0:01:18]} Bb5 {[%emt 0:01:10]} 36. Ne5 {[%emt 0:01:20]} Bc5 {[%emt 0:01:09]} 37. Bxc5 {[%emt 0:00:53]} Nxc5 {[%emt 0:00:01]} 38. e7 {[%emt 0:00:36]} a4 {[%emt 0:00:23]} 39. Nd5 {[%emt 0:01:11]} a3 {[%emt 0:00:26]} 40. Nc3 {[%emt 0:00:29]} Be8 {[%emt 0:00:42]} 41. Nc4 {[%emt 0:15:32]} Na4 {[%emt 0:04:31]} 42. Na2 {[%emt 0:00:00]} Kf7 {[%emt 0:00:34]} 43. Nxa3 {[%emt 0:00:00]} Nxb6 {[%emt 0:00:17]} 44. Kg1 {[%emt 0:00:00]} Kxe7 {[%emt 0:00:11]} 45. Kf2 {[%emt 0:00:00]} Kd6 {[%emt 0:00:18]} 46. Ke3 {[%emt 0:00:00]} Kc5 {[%emt 0:00:23]} 47. Kf4 {[%emt 0:00:00]} h6 {[%emt 0:01:49]} 48. Nc2 {[%emt 0:00:00]} Nc4 {[%emt 0:00:45]} 49. h4 {[%emt 0:00:00]} Ba4 {[%emt 0:02:18]} 50. Ne1 {[%emt 0:00:00]} Bb3 {[%emt 0:01:56]} 51. Nc1 {[%emt 0:00:00]} Bd1 {[%emt 0:01:56]} 52. Ke4 {[%emt 0:01:23]} Nd6+ {[%emt 0:01:31]} 53. Ke5 {[%emt 0:00:30]} Nf5 {[%emt 0:00:33]} 54. Ned3+ {[%emt 0:01:38]} Kc6 {[%emt 0:00:54]} 55. Kf6 {[%emt 0:04:52]} Nxh4 {[%emt 0:00:49]} 56. g3 {[%emt 0:00:04]} Nf5 {[%emt 0:01:28]} 57. Kxg6 {[%emt 0:00:07]} Nxg3 {[%emt 0:00:16]} 58. Kxh6 {[%emt 0:00:06]} b5 {[%emt 0:01:08]} 59. Kg5 {[%emt 0:03:16]} Ne2 {[%emt 0:01:11]} 60. Na2 {[%emt 0:01:25]} Kd5 {[%emt 0:00:41]} 61. Nf4+ {[%emt 0:04:02]} Kc4 {[%emt 0:01:02]} 62. Ng2 {[%emt 0:02:55]} Bb3 {[%emt 0:00:51]} 63. Ne3+ {[%emt 0:00:32]} Kd3 {[%emt 0:00:14]} 64. Nb4+ {[%emt 0:01:05]} Kxe3 {[%emt 0:00:04]} 65. Na6 {[%emt 0:00:08]} Bc4 {[%emt 0:01:06]} 66. Kf5 {[%emt 0:00:30]} Kd4 {[%emt 0:00:11]} 67. Kf6 {[%emt 0:00:05]} Nc3 {[%emt 0:00:38]} 68. Ke7 {[%emt 0:00:05]} Ne4 {[%emt 0:00:54]} 69. Nb4 {[%emt 0:00:15]} Kc5 {[%emt 0:00:43]} 70. Na6+ {[%emt 0:00:05]} Kb6 {[%emt 0:00:09]} 71. Nb4 {[%emt 0:00:03]} Ka5 {[%emt 0:00:08]} 72. Nc6+ {[%emt 0:00:09]} Ka4 {[%emt 0:00:06]} 73. Kd7 {[%emt 0:01:32]} Bd5 {[%emt 0:00:42]} 74. Nd4 {[%emt 0:00:35]} b4 {[%emt 0:00:11]} 75. Kc7 {[%emt 0:00:11]} Bc4 {[%emt 0:01:02]} 76. Kc6 {[%emt 0:00:05]} Bd3 {[%emt 0:01:36]} 77. Kd5 {[%emt 0:00:20]} Nc3+ {[%emt 0:00:27]} 78. Ke5 {[%emt 0:00:38]} Nb5 {[%emt 0:00:20]} 79. Ne6 {[%emt 0:00:13]} Ka3 {[%emt 0:00:36]} 80. Nc5 {[%emt 0:00:06]} Bf1 {[%emt 0:00:27]} 81. Ke4 {[%emt 0:00:43]} Nc3+ {[%emt 0:00:17]} 82. Ke3 {[%emt 0:00:10]} Na4 {[%emt 0:00:07]} 83. Ne4 {[%emt 0:01:14]} b3 {[%emt 0:00:20]} 84. Nd2 {[%emt 0:01:10]} b2 {[%emt 0:00:15]} 85. Kf2 {[%emt 0:00:17]} Bb5 {[%emt 0:00:27]} 86. Ke1 {[%emt 0:00:09]} Nc3 87. Kf2 {[%emt 0:00:14]} Ne4+ {[%emt 0:00:39] Nc4+} 0-1

[Event "Bamberg-Open 2019"]
[Site "Bamberg"]
[Date "2019.06.01"]
[Round "6.22"]
[White "Krauseneck, Peter"]
[Black "Syed, Tareq"]
[Result "1/2-1/2"]
[WhiteElo "2136"]
[BlackElo "2001"]
[Annotator "ChessBase"]
[PlyCount "86"]
[EventDate "2019.05.12"]
[EventType "swiss"]
[EventCountry "GER"]
[SourceTitle "playchess.com"]
[Source "ChessBase"]
[SourceQuality "1"]
[TimeControl "40/5400+30:900+30"]

1. b3 {[%emt 0:00:04]} Nh6 {[%emt 0:02:01]} 2. Bb2 {[%emt 0:01:35]} f6 {[%emt 0:00:03]} 3. d4 {[%emt 0:00:57]} d5 {[%emt 0:04:09]} 4. Nd2 {[%emt 0:00:46]} c5 {[%emt 0:09:06]} 5. e3 {[%emt 0:04:39]} Bf5 {[%emt 0:04:49]} 6. Ngf3 {[%emt 0:03:04]} Nc6 {[%emt 0:04:52]} 7. Bb5 {[%emt 0:01:34]} a6 {[%emt 0:07:07]} 8. Bxc6+ {[%emt 0:00:19]} bxc6 {[%emt 0:00:02]} 9. O-O {[%emt 0:00:49]} Bd7 {[%emt 0:03:55]} 10. Re1 {[%emt 0:02:17]} e6 {[%emt 0:01:08]} 11. e4 {[%emt 0:09:21]} Be7 {[%emt 0:01:20]} 12. c4 {[%emt 0:05:02]} cxd4 {[%emt 0:04:35]} 13. exd5 {[%emt 0:07:54]} cxd5 {[%emt 0:10:30]} 14. cxd5 {[%emt 0:01:04]} e5 {[%emt 0:03:41]} 15. Nxd4 {[%emt 0:00:14]} Qa5 {[%emt 0:02:20]} 16. Nc6 {[%emt 0:10:42]} Qxd5 {[%emt 0:07:20]} 17. Nxe7 {[%emt 0:00:13]} Kxe7 {[%emt 0:00:02]} 18. Ba3+ {[%emt 0:00:28]} Ke6 {[%emt 0:02:47]} 19. Ne4 {[%emt 0:01:18]} Qxd1 {[%emt 0:00:53]} 20. Rexd1 {[%emt 0:00:36]} Bb5 {[%emt 0:00:43]} 21. Rd6+ {[%emt 0:02:44]} Kf5 {[%emt 0:02:13]} 22. f3 {[%emt 0:01:22]} Rhd8 {[%emt 0:01:23]} 23. Rad1 {[%emt 0:01:04]} Rxd6 {[%emt 0:00:38]} 24. Rxd6 {[%emt 0:01:55]} Nf7 {[%emt 0:02:35]} 25. Rb6 {[%emt 0:07:17]} Rd8 {[%emt 0:02:57]} 26. g4+ {[%emt 0:03:25]} Kg6 {[%emt 0:02:17]} 27. h4 {[%emt 0:06:38]} h6 {[%emt 0:05:08]} 28. h5+ {[%emt 0:04:32]} Kh7 {[%emt 0:00:16]} 29. Kf2 {[%emt 0:05:28]} Rc8 {[%emt 0:07:47]} 30. Nc5 {[%emt 0:01:38]} Rc6 {[%emt 0:01:43]} 31. Rxc6 Bxc6 {[%emt 0:00:01]} 32. Nxa6 {[%emt 0:01:58]} Ng5 {[%emt 0:00:11]} 33. Bc1 {[%emt 0:01:50]} Nxf3 {[%emt 0:00:14]} 34. Nb4 {[%emt 0:01:03]} Bb7 {[%emt 0:00:35]} 35. Bb2 {[%emt 0:05:49]} Nh2 {[%emt 0:02:08]} 36. Kg3 {[%emt 0:02:02]} Nf1+ {[%emt 0:00:01]} 37. Kh3 {[%emt 0:00:59]} Nd2 {[%emt 0:01:21]} 38. Bc1 {[%emt 0:00:34]} Ne4 {[%emt 0:00:48]} 39. Be3 {[%emt 0:01:32]} Nd6 {[%emt 0:04:41]} 40. a4 {[%emt 0:00:42]} f5 {[%emt 0:00:22]} 41. gxf5 {[%emt 0:17:30]} Nxf5 {[%emt 0:15:06]} 42. Bf2 {[%emt 0:01:42]} e4 {[%emt 0:01:00]} 43. Nc2 {[%emt 0:00:36]} Bd5 {[%emt 0:00:00]} 1/2-1/2

[Event "Bamberg-Open 2019"]
[Site "Bamberg"]
[Date "2019.06.01"]
[Round "6.23"]
[White "Boehme, Markus"]
[Black "Bunk, Wolfgang"]
[Result "1/2-1/2"]
[WhiteElo "2118"]
[BlackElo "1995"]
[Annotator "ChessBase"]
[PlyCount "64"]
[EventDate "2019.05.12"]
[EventType "swiss"]
[EventCountry "GER"]
[SourceTitle "playchess.com"]
[Source "ChessBase"]
[SourceQuality "1"]
[TimeControl "40/5400+30:900+30"]

1. Nf3 {[%emt 0:00:00]} Nf6 {[%emt 0:00:48]} 2. g3 {[%emt 0:00:00]} c5 {[%emt 0:00:48]} 3. Bg2 {[%emt 0:00:00]} Nc6 {[%emt 0:00:31]} 4. O-O {[%emt 0:00:07]} e5 {[%emt 0:01:20]} 5. d3 {[%emt 0:04:46]} d5 {[%emt 0:01:43]} 6. e4 {[%emt 0:00:15]} Be7 {[%emt 0:05:20]} 7. exd5 {[%emt 0:05:56]} Nxd5 {[%emt 0:00:11]} 8. Re1 {[%emt 0:00:25]} f6 {[%emt 0:00:56]} 9. c3 {[%emt 0:01:20]} Nc7 {[%emt 0:08:00]} 10. Nh4 {[%emt 0:12:00]} O-O {[%emt 0:16:11]} 11. Be4 {[%emt 0:13:06]} f5 {[%emt 0:10:12]} 12. Bxc6 {[%emt 0:00:39]} Bxh4 {[%emt 0:01:13]} 13. Bg2 {[%emt 0:04:01]} Bf6 {[%emt 0:00:11]} 14. Be3 {[%emt 0:05:59]} Ne6 {[%emt 0:04:30]} 15. a4 {[%emt 0:05:06]} g5 {[%emt 0:04:20]} 16. Na3 {[%emt 0:03:03]} Rb8 {[%emt 0:12:31]} 17. Qb3 {[%emt 0:06:45]} Kh8 {[%emt 0:01:18]} 18. Nc4 {[%emt 0:08:28]} Qc7 {[%emt 0:07:34]} 19. Rad1 {[%emt 0:04:57]} Bd7 {[%emt 0:01:51]} 20. Bc1 {[%emt 0:00:43]} b6 {[%emt 0:00:40]} 21. Ne3 {[%emt 0:00:48]} f4 {[%emt 0:05:49]} 22. Nd5 {[%emt 0:00:38]} Qd6 {[%emt 0:00:23]} 23. Be4 {[%emt 0:02:13]} Bg7 {[%emt 0:02:04]} 24. Qc2 {[%emt 0:00:59]} Bc6 {[%emt 0:01:33]} 25. Qb3 {[%emt 0:03:20]} Qd7 {[%emt 0:00:41]} 26. Qa2 {[%emt 0:00:58]} Bxa4 {[%emt 0:00:51]} 27. b3 {[%emt 0:00:01]} Bc6 {[%emt 0:00:25]} 28. c4 {[%emt 0:00:24]} Nd4 {[%emt 0:04:25]} 29. Bb2 {[%emt 0:00:34]} Rf7 {[%emt 0:03:26]} 30. Bxd4 {[%emt 0:00:34]} exd4 {[%emt 0:00:50]} 31. f3 {[%emt 0:01:23]} Qd6 {[%emt 0:00:44]} 32. g4 {[%emt 0:00:22]} Be5 {[%emt 0:02:27]} 1/2-1/2

[Event "Bamberg-Open 2019"]
[Site "Bamberg"]
[Date "2019.06.01"]
[Round "6.24"]
[White "Ziegenfuss, Antonia"]
[Black "Hoekstra, Peter"]
[Result "0-1"]
[WhiteElo "2111"]
[BlackElo "1979"]
[Annotator "ChessBase"]
[PlyCount "106"]
[EventDate "2019.05.12"]
[EventType "swiss"]
[EventCountry "GER"]
[SourceTitle "playchess.com"]
[Source "ChessBase"]
[SourceQuality "1"]
[TimeControl "40/5400+30:900+30"]

1. d4 {[%emt 0:00:00]} Nf6 {[%emt 0:04:42]} 2. c4 {[%emt 0:00:00]} g6 {[%emt 0:00:04]} 3. Nc3 {[%emt 0:00:00]} Bg7 {[%emt 0:00:13]} 4. e4 {[%emt 0:00:00]} d6 {[%emt 0:00:05]} 5. Be2 {[%emt 0:00:00]} O-O {[%emt 0:00:26]} 6. Be3 {[%emt 0:00:09]} e5 {[%emt 0:02:10]} 7. d5 {[%emt 0:00:20]} Na6 {[%emt 0:01:27]} 8. g4 {[%emt 0:00:53]} Nc5 {[%emt 0:00:13]} 9. f3 {[%emt 0:02:33]} h5 {[%emt 0:01:02]} 10. h3 {[%emt 0:02:04]} a5 {[%emt 0:00:28]} 11. Qd2 {[%emt 0:02:29]} Nh7 {[%emt 0:07:43]} 12. O-O-O {[%emt 0:10:57]} h4 {[%emt 0:00:21]} 13. g5 {[%emt 0:14:00]} f6 {[%emt 0:06:53]} 14. gxf6 {[%emt 0:09:04]} Bxf6 {[%emt 0:03:45]} 15. Kb1 {[%emt 0:11:54]} Bg5 {[%emt 0:04:15]} 16. Bxg5 {[%emt 0:02:18]} Qxg5 {[%emt 0:01:17]} 17. Qxg5 {[%emt 0:04:41]} Nxg5 {[%emt 0:00:05]} 18. Nb5 {[%emt 0:02:11]} Rf7 {[%emt 0:01:38]} 19. Rh2 {[%emt 0:02:38]} Kg7 {[%emt 0:17:35]} 20. Rg2 {[%emt 0:11:39]} Kh6 {[%emt 0:02:00]} 21. b3 {[%emt 0:00:58]} Na6 {[%emt 0:06:43]} 22. Na3 {[%emt 0:07:40]} Rf4 {[%emt 0:13:15]} 23. Rh2 {[%emt 0:03:10]} Bd7 {[%emt 0:01:02]} 24. Nc2 {[%emt 0:00:54]} Nh7 {[%emt 0:08:01]} 25. Ne3 {[%emt 0:01:45]} g5 {[%emt 0:00:10]} 26. Kb2 {[%emt 0:02:28]} Nc5 {[%emt 0:00:20]} 27. Kc3 {[%emt 0:00:52]} Rf7 {[%emt 0:04:35]} 28. Bf1 {[%emt 0:02:09]} Nf6 {[%emt 0:00:22]} 29. a3 {[%emt 0:02:26]} Nh5 {[%emt 0:01:42]} 30. Ra2 {[%emt 0:01:19]} Ng3 {[%emt 0:01:03]} 31. Rb1 {[%emt 0:01:11]} b6 {[%emt 0:02:13]} 32. Raa1 {[%emt 0:01:01]} a4 {[%emt 0:00:12]} 33. b4 {[%emt 0:01:42]} Nb3 {[%emt 0:00:04]} 34. Ra2 {[%emt 0:00:06]} Raf8 {[%emt 0:00:11]} 35. Bg2 {[%emt 0:00:38]} Nd4 {[%emt 0:01:12]} 36. Kd3 {[%emt 0:00:31]} Nxf3 {[%emt 0:05:32]} 37. Nxf3 {[%emt 0:00:51]} Rxf3 {[%emt 0:00:03]} 38. Bxf3 {[%emt 0:00:06]} Rxf3 {[%emt 0:00:04]} 39. Rh2 {[%emt 0:00:31]} Be8 {[%emt 0:00:27]} 40. Re1 {[%emt 0:01:05]} Bg6 {[%emt 0:00:32]} 41. b5 {[%emt 0:09:48]} Bxe4+ {[%emt 0:07:37]} 42. Kc3 {[%emt 0:01:09]} Nf5 {[%emt 0:05:50]} 43. Kd2 {[%emt 0:00:22]} Kg6 {[%emt 0:02:34]} 44. Nxf5 {[%emt 0:02:45]} Kxf5 {[%emt 0:01:05]} 45. Re3 {[%emt 0:00:21]} Kf4 {[%emt 0:00:52]} 46. Rhe2 {[%emt 0:01:35]} Bf5 {[%emt 0:00:18]} 47. Rxf3+ {[%emt 0:01:01]} Kxf3 {[%emt 0:00:05]} 48. Ke1 {[%emt 0:01:10]} Bxh3 {[%emt 0:01:38]} 49. Rf2+ {[%emt 0:00:12]} Kg3 {[%emt 0:00:06]} 50. Rf7 {[%emt 0:00:23]} Bg4 {[%emt 0:00:22]} 51. Rxc7 {[%emt 0:00:24]} h3 {[%emt 0:00:05]} 52. Rh7 {[%emt 0:01:01]} h2 {[%emt 0:00:04]} 53. c5 {[%emt 0:01:04]} Bh3 {[%emt 0:00:08]} 0-1

[Event "Bamberg-Open 2019"]
[Site "Bamberg"]
[Date "2019.06.01"]
[Round "6.25"]
[White "Wolf, Pablo"]
[Black "Boehme, Sebastian"]
[Result "1-0"]
[WhiteElo "1976"]
[BlackElo "2103"]
[Annotator "ChessBase"]
[PlyCount "78"]
[EventDate "2019.05.12"]
[EventType "swiss"]
[EventCountry "GER"]
[SourceTitle "playchess.com"]
[Source "ChessBase"]
[SourceQuality "1"]
[TimeControl "40/5400+30:900+30"]

1. e4 {[%emt 0:00:00]} c6 {[%emt 0:00:00]} 2. Ne2 {[%emt 0:00:00]} d5 {[%emt 0:00:35]} 3. e5 {[%emt 0:00:00]} Bf5 {[%emt 0:01:43]} 4. Ng3 {[%emt 0:00:00]} Bg6 {[%emt 0:00:22]} 5. h4 {[%emt 0:00:07]} h5 {[%emt 0:01:09]} 6. d4 {[%emt 0:00:21]} e6 {[%emt 0:02:19]} 7. Be2 {[%emt 0:01:15]} Be7 {[%emt 0:04:20]} 8. Nxh5 {[%emt 0:06:48]} Bxh5 {[%emt 0:02:43]} 9. Bxh5 {[%emt 0:01:01]} c5 {[%emt 0:03:49]} 10. Qg4 {[%emt 0:06:31]} Kf8 {[%emt 0:04:12]} 11. Rh3 {[%emt 0:00:46]} Nh6 {[%emt 0:07:37]} 12. Bxh6 {[%emt 0:03:30]} Rxh6 {[%emt 0:00:54]} 13. Rf3 {[%emt 0:00:58]} f5 {[%emt 0:07:34]} 14. exf6 {[%emt 0:05:02]} Bxf6 {[%emt 0:00:39]} 15. dxc5 {[%emt 0:03:34]} Nc6 {[%emt 0:02:38]} 16. Rf4 {[%emt 0:13:10]} e5 {[%emt 0:05:17]} 17. Ra4 {[%emt 0:01:07]} Nd4 {[%emt 0:08:36]} 18. Na3 {[%emt 0:01:44]} g6 {[%emt 0:00:45]} 19. Bxg6 {[%emt 0:08:23]} Rxh4 {[%emt 0:00:25]} 20. Rxd4 {[%emt 0:00:12]} exd4 {[%emt 0:09:21]} 21. Qe6 {[%emt 0:00:10]} Qe7 {[%emt 0:00:25]} 22. Qxe7+ {[%emt 0:00:05]} Bxe7 {[%emt 0:00:32]} 23. O-O-O {[%emt 0:01:41]} Rg4 {[%emt 0:02:34]} 24. Bf5 {[%emt 0:04:05]} Bg5+ {[%emt 0:01:33]} 25. Kb1 {[%emt 0:00:51]} Rxg2 {[%emt 0:00:09]} 26. Nb5 {[%emt 0:00:49]} Rxf2 {[%emt 0:01:26]} 27. Be6 {[%emt 0:01:56]} Re8 {[%emt 0:08:20]} 28. Bxd5 {[%emt 0:02:00]} d3 {[%emt 0:00:20]} 29. cxd3 {[%emt 0:01:32]} Ree2 {[%emt 0:00:21]} 30. Nxa7 {[%emt 0:01:31]} Bf6 {[%emt 0:00:45]} 31. Rg1 {[%emt 0:02:17]} Rxb2+ {[%emt 0:00:53]} 32. Kc1 {[%emt 0:00:16]} Bg7 {[%emt 0:13:57]} 33. Rxg7 {[%emt 0:04:24]} Kxg7 {[%emt 0:00:06]} 34. Bb3 {[%emt 0:00:13]} Rbe2 {[%emt 0:01:00]} 35. Kd1 {[%emt 0:01:37]} Rh2 {[%emt 0:02:08]} 36. Nb5 {[%emt 0:02:05]} Reg2 {[%emt 0:01:01]} 37. Kc1 {[%emt 0:00:04]} Rg1+ {[%emt 0:00:35]} 38. Bd1 {[%emt 0:00:06]} Rxa2 {[%emt 0:00:28]} 39. Nc3 {[%emt 0:00:20]} Ra3 {[%emt 0:00:49]} 1-0